Operating systems projects: using windows NT (Record no. 167995)

000 -LEADER
fixed length control field 00366nam a2200133Ia 4500
008 - FIXED-LENGTH DATA ELEMENTS--GENERAL INFORMATION
fixed length control field 220217s9999||||xx |||||||||||||| ||und||
020 ## - INTERNATIONAL STANDARD BOOK NUMBER
International Standard Book Number 817-808-020-6
082 ## - DEWEY DECIMAL CLASSIFICATION NUMBER
Classification number 005.43 NUT
100 ## - MAIN ENTRY--PERSONAL NAME
Personal name Nutt, Gary
9 (RLIN) 2047
245 #0 - TITLE STATEMENT
Title Operating systems projects: using windows NT
260 ## - PUBLICATION, DISTRIBUTION, ETC.
Place of publication, distribution, etc. Addision wesley
Name of publisher, distributor, etc. Harlow
Date of publication, distribution, etc. 2000
300 ## - PHYSICAL DESCRIPTION
Other physical details 0
650 ## - SUBJECT ADDED ENTRY--TOPICAL TERM
Topical term or geographic name entry element Operating systems
Holdings
Withdrawn status Lost status Damaged status Not for loan Collection code Home library Current library Shelving location Date acquired Full call number Barcode Date last seen Price effective from Koha item type
        Artificial Intelligence and Machine Learning Central Library Central Library Book Cart 02/18/2022 005.43 NUT 3184 02/18/2022 02/18/2022 Books

Powered by Koha